Optimal tax treatment of the family (Registro nro. 25910)

Detalles MARC
000 -LEADER
fixed length control field 00361 a2200121 4500
001 - CONTROL NUMBER
control field ART_11864
005 - DATE AND TIME OF LATEST TRANSACTION
control field 20260410161901.0
008 - FIXED-LENGTH DATA ELEMENTS--GENERAL INFORMATION
fixed length control field 260409a
100 1# - MAIN ENTRY--PERSONAL NAME
Personal name Boskin, Michael
245 10 - TITLE STATEMENT
Title Optimal tax treatment of the family
700 1# - ADDED ENTRY--PERSONAL NAME
Personal name Sheshinski, Eytan
773 0# - HOST ITEM ENTRY
Title Journal of public economics
Related parts - Vol. 20, Nº 3 (abr. 1983)
Record control number REV11485

No hay ítems disponibles.